| 000 | 00647nam a2200205 i 4500 | ||
|---|---|---|---|
| 001 | bg | ||
| 245 | 0 | 0 |
_aRaport o stanie miasta rok 2006 : _bGdańsk - morze możliwości / _c[oprac. Wydział Polityki Gospodarczej ; Katarzyna Drozd-Wiśniewska et al.] |
| 260 |
_aGdańsk : _bUrząd Miejski, _c2007. |
||
| 300 |
_a134 s. : _bfot., wykr. ; _c30 cm. |
||
| 651 | 9 |
_aGdańsk (woj. pomorskie) _ystan na 2006 r. |
|
| 655 | _aInformatory | ||
| 700 | 1 | _aDrozd-Wiśniewska, Katarzyna. | |
| 022 | _a16427726 | ||
| 040 | _cBPK | ||
| 041 | 0 | _apol | |
| 044 | _aPOL | ||
| 080 | _a913(438)(036) | ||
| 942 | _cKS | ||
| 008 | s pl f |000 0 pol | ||
| 999 |
_c55561 _d55561 |
||
| 856 |
_uhttp://koha.tu.koszalin.pl/cgi-bin/koha/opac-detail.pl?biblionumber=55561 _yKatalog online BPK |
||